000 00822nam a2200229Ia 4500
003 GCL
008 140319s9999 xx 000 0 ara d
040 _aGCL /
_cGCL
082 0 4 _a254
_bم ا
100 1 _aمحمد مصطفى شلبى
245 1 0 _aاحكام الاسرة فى الاسلام دراسة مقارنة بين المذاهب السنيه والمذهب الجعفرى والقانون /
_cمحمد مصطفى شلبى
260 _a[S.N] :
_bدار النهضة العربية ،
_c1977
300 _a878 ص
490 _a
650 0 4 _aالطلاق
650 0 4 _aالزواج
650 0 4 _aالشريعة الاسلامية
650 0 4 _aالفقه الاسلامى
650 0 4 _aالاسرة فى الاسلام
650 0 4 _aالاحوال الشخصية للمسلمين
942 _2ddc
_cBK
999 _c37022
_d37022